Freedom, a guarantee for everybody: (Record no. 5712)

000 -LEADER
fixed length control field 00746nam a2200217 a 4500
001 - CONTROL NUMBER
control field :::00003454$&:&@@
003 - CONTROL NUMBER IDENTIFIER
control field OkBaRHE
005 - DATE AND TIME OF LATEST TRANSACTION
control field 20000607103305.0
008 - FIXED-LENGTH DATA ELEMENTS--GENERAL INFORMATION
fixed length control field s1975 j 000 0 eng u
020 ## - INTERNATIONAL STANDARD BOOK NUMBER
International Standard Book Number 0882438913
040 ## - CATALOGING SOURCE
Transcribing agency
100 1# - MAIN ENTRY--PERSONAL NAME
Personal name Barney, Kenneth D.
245 10 - TITLE STATEMENT
Title Freedom, a guarantee for everybody:
Remainder of title adapted from Romans by G. Raymond Carlson.
260 ## - PUBLICATION, DISTRIBUTION, ETC. (IMPRINT)
Place of publication, distribution, etc Springfield, MO., :
Name of publisher, distributor, etc Gospel Publishing House
Date of publication, distribution, etc c1975
300 ## - PHYSICAL DESCRIPTION
Extent 125 p. ;
Dimensions 18 cm.
490 0# - SERIES STATEMENT
Series statement Radiant books.
650 ## - SUBJECT ADDED ENTRY--TOPICAL TERM
Topical term or geographic name as entry element Bible New Testament Romans
General subdivision Criticism, Interpretation, etc.
700 ## - ADDED ENTRY--PERSONAL NAME
Personal name Carlson, G. Raymond. Romans.
942 ## - ADDED ENTRY ELEMENTS (KOHA)
Source of classification or shelving scheme
Koha item type Books
Copies
Damaged status Lost status Price effective from Source of classification or shelving scheme Copy number Shelving location Date last seen Not for loan Barcode Permanent Location Koha item type Date acquired Full call number Withdrawn status
  2010-04-14 1General Stacks2018-03-28 3454RHEMA Bible Training CollegeBooks2010-04-14BS 2665.2 .B37